A Cluster of Characters - Statistics

General Stats
  • This quiz has been taken 14 times
  • The average score is 9 of 16
Answer Stats
Picture Answer % Correct
Ace Ventura
100%
Betty Boop
100%
Bugs Bunny
100%
James Kirk
100%
Jane Jetson
88%
Johnny Bravo
88%
George McFly
63%
Wendy Torrance
50%
Felicity Shagwell
38%
Harry Osborn
38%
Kay Adams
25%
Kyle Reese
25%
Marion Ravenwood
25%
Riff Randell
25%
R.J. MacReady
25%
Vesper Lynd
25%
No matching quizzes found
Score Distribution
Percent of People with Each Score
Percentile by Number Answered
Your Score History
You have not taken this quiz